000 00568nam a2200181 i 4500
001 55910
003 ES-MaACL
005 20250827063207.0
007 t|
008 030930s1940 sp ||||1| spa d
100 1 _aCasariego, J. E.,
_d1913-1990
_936176
245 1 3 _aLa verdad del tradicionalismo /
_cJ.E. Casariego ; [prólogo de Esteban Bilbao].
260 _aMadrid :
_b[s.n.],
_c1940 (
_fTalleres Gráficos)
300 _aXXII, 304 p. ;
_c20 cm.
700 1 _aBilbao, Esteban.
_928862
852 _aES-MaACL
_jA-5313
_bR.18348
999 _c55910
_d55910